000 01091nam a22002777a 4500
005 20140903174951.0
008 131107s2010 xxu frn 001 0deng
020 _a9781433107252
020 _a9781433107269
040 _aCO-BoUCM
_cAngélica Rojas
_dAldemar Mondragón
041 0 0 _aeng
245 0 0 _aPeace journalism, war and conflict resolution
_ceditado por Richard Lance Keeble, John Tulloch, Florian Zollmann
260 _aNew York (Estados Unidos)
_bPeter Lang
_c2010
300 _axi, 373 páginas
504 _aIncluye referencias bibliográficas e índices
650 0 _aPaz
_xArtículos de prensa
_950047
650 7 _aConflictos sociales
_xArtículos de prensa
_950046
650 7 _aGuerra
_xArtículos de prensa
_950045
650 7 _aPeriodismo
_xAspectos políticos
_950773
690 _942898
_aPeriodismo
700 1 _aKeeble, Richard
_d1948-
_eeditor
_950050
700 1 _aTulloch, John
_d1946-
_eeditor
_950051
700 1 _aZollman, Florian
_d1976-
_eeditor
_950052
942 _a24
_cLIBRO
_e1
_mP355
_2DEWEY
_h070.44930366
999 _c182452
_d182452